| 000 | 00000nas##2200000za#4500 |
|---|---|
| 001 | 9.504702 |
| 003 | CaOODSP |
| 005 | 20210615082323 |
| 007 | cr ||||||||||| |
| 008 | 150406c2001||||xxc|| m o||||f| |0eng|d |
| 040 | |aCaOODSP|beng |
| 043 | |an-cn--- |
| 086 | 1 |aCC173-3/2E-PDF |
| 110 | 2 |aCanadian Nuclear Safety Commission. |
| 245 | 10|aRegulatory guide |h[electronic resource] |
| 260 | |aOttawa - Ontario : |bCanadian Nuclear Safety Commission |c[2001?]--. |
| 310 | |aIrregular |
| 775 | 08|tGuide d'application de la réglementation |w(CaOODSP)9.501114 |
| 776 | 0#|tRegulatory guide |w(CaOODSP)9.514451 |